[Event "IBCA Wch blind 10th"]
[Site "Istanbul"]
[Date "2002.11.27"]
[Round "8"]
[White "Lindenmair, Anton"]
[Black "Tshugaevsky, Panteley"]
[Result "1-0"]
[WhiteElo "2130"]
[BlackElo "1800"]
[PlyCount "155"]
[EventDate "2002.11.20"]
[EventType "swiss"]
[EventRounds "9"]
[EventCountry "TUR"]
[SourceTitle "EXT 2004"]
[Source "ChessBase"]
[SourceDate "2003.11.25"]
[SourceVersion "1"]
[SourceVersionDate "2003.11.25"]
[SourceQuality "1"]

1. d4 Nf6 2. c4 c5 3. d5 a6 4. Nc3 e5 5. e4 d6 6. Be2 Be7 7. Nf3 0-0 8. 0-0 Bg4 9. Ne1 Bd7 10. a4 b6 11. Nd3 Ne8 12. f4 f6 13. Rf3 Bg4 14. Rg3 Bxe2 15. Qxe2 Rf7 16. f5 Nd7 17. Qh5 Nf8 18. Nf2 g6 19. Ng4 Rg7 20. Nh6+ Kh8 21. fxg6 Nxg6 22. Nf5 Rg8 23. Rh3 Nf8 24. Bh6 Qd7 25. Rf1 Ra7 26. Nh4 Qg4 27. Qxg4 Rxg4 28. Nf5 Ng6 29. Rh5 Nf8 30. Nxe7 Rxe7 31. Bxf8 Rb7 32. Bh6 Rg6 33. Be3 Rbg7 34. g3 Rg4 35. Rhf5 R7g6 36. Kg2 Rg7 37. R5f3 h5 38. h3 R4g6 39. Ne2 h4 40. g4 Rb7 41. Nc3 Kg7 42. Rf5 Nc7 43. Rh5 b5 44. axb5 axb5 45. Nxb5 Nxb5 46. cxb5 Rxb5 47. Rf2 Rb3 48. Bc1 Rb4 49. Re2 Kg8 50. Rh6 Kg7 51. Rxg6+ Kxg6 52. Kf3 Rc4 53. Bd2 Ra4 54. Rg2 Rd4 55. Ke3 c4 56. Rh2 Rd3+ 57. Ke2 Rd4 58. Kf3 Rd3+ 59. Be3 Rb3 60. Rc2 Rb4 61. Bd2 Rb3+ 62. Bc3 Rb6 63. Rc1 Ra6 64. Bb4 Ra2 65. Ba3 c3 66. Rxc3 Ra1 67. Bxd6 Rh1 68. Kg2 Re1 69. Ba3 Rxe4 70. d6 f5 71. gxf5+ Kxf5 72. Rd3 Re2+ 73. Kf1 Rc2 74. d7 Ke4 75. d8Q Rc8 76. Qd5+ Kf5 77. Rf3+ Kg6 78. Qf7+ 1-0

[Event "IBCA Wch blind 10th"]
[Site "Istanbul"]
[Date "2002.11.25"]
[Round "6"]
[White "Mlacnik, Franc"]
[Black "Tshugaevsky, Panteley"]
[Result "1-0"]
[WhiteElo "2115"]
[BlackElo "1800"]
[PlyCount "126"]
[EventDate "2002.11.20"]
[EventType "swiss"]
[EventRounds "9"]
[EventCountry "TUR"]
[SourceTitle "EXT 2004"]
[Source "ChessBase"]
[SourceDate "2003.11.25"]
[SourceVersion "1"]
[SourceVersionDate "2003.11.25"]
[SourceQuality "1"]

1. e4 c6 2. d4 d5 3. e5 Bf5 4. Bd3 e6 5. Bxf5 exf5 6. Nf3 Be7 7. 0-0 Nd7 8. Qd3 g6 9. Re1 Nf8 10. c4 Ne6 11. Nc3 dxc4 12. Qxc4 Rc8 13. Be3 f4 14. Bd2 Nh6 15. Ne4 Nf5 16. Bb4 0-0 17. Nf6+ Kg7 18. Bxe7 Nxe7 19. Rac1 Nd5 20. Ne4 h5 21. Nd6 Rc7 22. Qb3 Qe7 23. Rcd1 Kh8 24. g3 f5 25. Nh4 Kh7 26. a4 Qg5 27. Nb5 fxg3 28. hxg3 Re7 29. Nc3 f4 30. Nxd5 cxd5 31. Nf3 Qg4 32. Nh2 Qh3 33. Qxd5 fxg3 34. fxg3 Qxg3+ 35. Qg2 Qb3 36. d5 Nf4 37. Qd2 Qg3+ 38. Kh1 Nh3 39. Qg2 Nf2+ 40. Kg1 Qxg2+ 41. Kxg2 Nxd1 42. d6 Ref7 43. e6 Rf2+ 44. Kg1 Rd2 45. d7 Kg7 46. Nf3 Rd5 47. Ne5 Kf6 48. Rf1+ Kxe6 49. Rxf8 Kxe5 50. Re8+ Kf5 51. d8Q Rxd8 52. Rxd8 Nxb2 53. Rd4 b6 54. Kf2 a6 55. Ke2 b5 56. axb5 axb5 57. Rd5+ Ke6 58. Rg5 Kf6 59. Rxb5 Nc4 60. Kf3 Ne5+ 61. Ke4 Ng4 62. Kf4 Nh6 63. Rb6+ Kg7 1-0

[Event "IBCA Wch blind 10th"]
[Site "Istanbul"]
[Date "2002.11.23"]
[Round "4"]
[White "Altinok, Kerim Osman"]
[Black "Tshugaevsky, Panteley"]
[Result "0-1"]
[WhiteElo "1800"]
[BlackElo "1800"]
[PlyCount "58"]
[EventDate "2002.11.20"]
[EventType "swiss"]
[EventRounds "9"]
[EventCountry "TUR"]
[SourceTitle "EXT 2004"]
[Source "ChessBase"]
[SourceDate "2003.11.25"]
[SourceVersion "1"]
[SourceVersionDate "2003.11.25"]
[SourceQuality "1"]

1. d4 d5 2. Nf3 Bf5 3. c4 e6 4. Nc3 c6 5. Qb3 Qb6 6. c5 Qc7 7. Bf4 Qc8 8. e3 Nd7 9. Rc1 Ne7 10. Be2 Ng6 11. Bg3 Be7 12. 0-0 0-0 13. Qd1 Bg4 14. b4 f5 15. h3 Bxf3 16. Bxf3 e5 17. dxe5 Ndxe5 18. Bh5 f4 19. Bxg6 fxg3 20. Bb1 gxf2+ 21. Rxf2 Qe6 22. Qc2 g6 23. Rcf1 Rxf2 24. Rxf2 Bh4 25. Rf1 Nc4 26. e4 Ne3 27. exd5 Qe8 28. Qd3 Nxf1 29. Kxf1 Qe1# 0-1

[Event "IBCA Wch blind 10th"]
[Site "Istanbul"]
[Date "2002.11.21"]
[Round "2"]
[White "Pohlers, Juergen"]
[Black "Tshugaevsky, Panteley"]
[Result "1-0"]
[WhiteElo "2140"]
[BlackElo "1800"]
[PlyCount "89"]
[EventDate "2002.11.20"]
[EventType "swiss"]
[EventRounds "9"]
[EventCountry "TUR"]
[SourceTitle "EXT 2004"]
[Source "ChessBase"]
[SourceDate "2003.11.25"]
[SourceVersion "1"]
[SourceVersionDate "2003.11.25"]
[SourceQuality "1"]

1. d4 d5 2. c4 Nc6 3. Nc3 dxc4 4. d5 Ne5 5. f4 Ng6 6. e4 e5 7. f5 Nf4 8. Nf3 f6 9. Qa4+ Bd7 10. Qxc4 g5 11. g3 Nh5 12. Be2 Ng7 13. Be3 a6 14. Qb3 b5 15. 0-0 h5 16. a4 b4 17. Na2 a5 18. Nc1 h4 19. Nd3 hxg3 20. hxg3 Bd6 21. Nc5 Bc8 22. Bb5+ Ke7 23. Kg2 Nh6 24. Rac1 Ng4 25. Rh1 Nh5 26. Be2 Nxe3+ 27. Qxe3 Ng7 28. Nxg5 Bxf5 29. Nb7 Qb8 30. Nxd6 Rxh1 31. Nxf5+ Nxf5 32. Qc5+ Nd6 33. Rxh1 fxg5 34. Rh7+ Kd8 35. Qc6 Qc8 36. Rh8+ Ke7 37. Qxa8 Qxa8 38. Rxa8 Nxe4 39. Rxa5 Kd6 40. Bf3 Nc5 41. Rxc5 Kxc5 42. b3 Kd4 43. a5 Kc5 44. a6 Kb6 45. Be2 1-0